[Event "Irena Warakomska Memorial A"]
[Site "Suwalki"]
[Date "2018.08.01"]
[Round "1"]
[White "Leniart, Arkadiusz"]
[Black "Sliwicki, Damian"]
[Result "1/2-1/2"]
[Board "19"]
[WhiteElo "2489"]
[WhiteTitle "IM"]
[WhiteCountry "POL"]
[WhiteFideId "1124226"]
[WhiteEloChange "-3"]
[BlackElo "2193"]
[BlackTitle "CM"]
[BlackCountry "POL"]
[BlackFideId "1127128"]
[BlackEloChange "7"]

1. d4 {[%clk 1:30:13]} d5 {[%clk 1:30:56]} 2. c4 {[%clk 1:30:23]} e6 {[%clk
1:31:20]} 3. Nc3 {[%clk 1:30:42]} Nf6 {[%clk 1:31:45]} 4. cxd5 {[%clk 1:30:47]}
exd5 {[%clk 1:32:11]} 5. Bg5 {[%clk 1:31:13]} Bb4 {[%clk 1:32:25]} 6. e3 {[%clk
1:30:21]} h6 {[%clk 1:31:18]} 7. Bxf6 {[%clk 1:26:53]} Qxf6 {[%clk 1:31:44]} 8.
Qa4+ {[%clk 1:26:27]} Nc6 {[%clk 1:32:03]} 9. Bb5 {[%clk 1:26:12]} Bxc3+ {[%clk
1:24:10]} 10. bxc3 {[%clk 1:26:12]} Bd7 {[%clk 1:22:32]} 11. Ne2 {[%clk 1:25:07]}
O-O {[%clk 1:19:10]} 12. Nf4 {[%clk 1:21:47]} Qd6 {[%clk 1:03:52]} 13. O-O {[%clk
1:20:14]} Rad8 {[%clk 0:58:50]} 14. Rab1 {[%clk 1:17:26]} g5 {[%clk 0:49:47]} 15.
Nd3 {[%clk 1:13:35]} a6 {[%clk 0:48:58]} 16. Bxc6 {[%clk 1:13:43]} Bxc6 {[%clk
0:44:21]} 17. Qc2 {[%clk 1:12:58]} Bb5 {[%clk 0:37:51]} 18. a4 {[%clk 1:12:54]}
Bxd3 {[%clk 0:36:39]} 19. Qxd3 {[%clk 1:13:16]} b6 {[%clk 0:36:06]} 20. c4 {[%clk
1:11:54]} dxc4 {[%clk 0:29:54]} 21. Qxc4 {[%clk 1:12:05]} a5 {[%clk 0:30:19]} 22.
Rfc1 {[%clk 1:11:40]} Rd7 {[%clk 0:29:37]} 23. Qb5 {[%clk 1:10:56]} Kg7 {[%clk
0:24:40]} 24. Rc6 {[%clk 1:10:10]} Qe7 {[%clk 0:24:59]} 25. Qf5 {[%clk 1:08:48]}
Rd6 {[%clk 0:22:06]} 26. Rc4 {[%clk 1:01:08]} Rfd8 {[%clk 0:12:01]} 27. h3 {[%clk
0:59:14]} R8d7 {[%clk 0:11:00]} 28. Rbc1 {[%clk 0:58:24]} Rf6 {[%clk 0:07:14]}
29. Qc2 {[%clk 0:55:08]} Qa3 {[%clk 0:07:38]} 30. e4 {[%clk 0:44:37]} c6 {[%clk
0:04:47]} 31. Rd1 {[%clk 0:41:08]} b5 {[%clk 0:04:22]} 32. Rc3 {[%clk 0:35:25]}
Qxa4 {[%clk 0:01:58]} 33. Qxa4 {[%clk 0:35:07]} bxa4 {[%clk 0:02:24]} 34. Ra3
{[%clk 0:35:00]} Rfd6 {[%clk 0:01:23]} 35. Rxa4 {[%clk 0:35:23]} f5 {[%clk
0:01:48]} 36. exf5 {[%clk 0:34:28]} c5 {[%clk 0:00:42]} 37. Rxa5 {[%clk 0:34:29]}
Rxd4 {[%clk 0:01:09]} 38. Rxd4 {[%clk 0:33:59]} cxd4 {[%clk 0:01:35]} 39. Kf1
{[%clk 0:33:39]} d3 {[%clk 0:01:26]} 40. Ke1 {[%clk 1:04:02]} Re7+ {[%clk
0:31:43]} 41. Kd2 {[%clk 1:03:39]} Re2+ {[%clk 0:30:49]} 42. Kxd3 {[%clk
1:04:04]} Rxf2 {[%clk 0:31:16]} 43. Ra7+ {[%clk 1:00:39]} Kf6 {[%clk 0:28:33]}
44. g4 {[%clk 1:00:21]} Rf3+ {[%clk 0:28:40]} 45. Ke4 {[%clk 1:00:45]} Rxh3
{[%clk 0:28:56]} 46. Ra6+ {[%clk 1:00:10]} Kg7 {[%clk 0:28:07]} 47. Ra4 {[%clk
0:58:57]} Kf6 {[%clk 0:28:02]} 48. Rd4 {[%clk 0:58:16]} Rh1 {[%clk 0:26:44]} 49.
Rd6+ {[%clk 0:58:16]} Kf7 {[%clk 0:26:43]} 50. Ra6 {[%clk 0:56:48]} Rh3 {[%clk
0:23:15]} 51. Rb6 {[%clk 0:56:31]} Kg7 {[%clk 0:21:37]} 52. Ke5 {[%clk 0:56:05]}
Re3+ {[%clk 0:21:43]} 53. Kd4 {[%clk 0:56:18]} Rh3 {[%clk 0:19:51]} 54. Kd5
{[%clk 0:56:07]} Rd3+ {[%clk 0:19:59]} 55. Ke6 {[%clk 0:55:09]} Re3+ {[%clk
0:20:26]} 56. Kd7 {[%clk 0:54:47]} Re4 {[%clk 0:17:37]} 57. Re6 {[%clk 0:53:57]}
Rxg4 {[%clk 0:18:03]} 58. Ke7 {[%clk 0:53:29]} Rf4 {[%clk 0:18:21]} 59. Rg6+
{[%clk 0:52:49]} Kh7 {[%clk 0:18:49]} 60. Kf6 {[%clk 0:53:04]} g4 {[%clk
0:16:48]} 61. Rg7+ {[%clk 0:53:10]} Kh8 {[%clk 0:17:17]} 62. Rg6 {[%clk 0:52:48]}
Kh7 {[%clk 0:17:34]} 63. Rg7+ {[%clk 0:52:39]} Kh8 {[%clk 0:18:01]} 64. Ra7
{[%clk 0:52:02]} g3 {[%clk 0:17:45]} 65. Ra8+ {[%clk 0:51:52]} Kh7 {[%clk
0:17:50]} 66. Ra7+ {[%clk 0:52:11]} Kh8 {[%clk 0:18:17]} 67. Ra8+ {[%clk
0:52:37]} 1/2-1/2

[Event "Irena Warakomska Memorial A"]
[Site "Suwalki"]
[Date "2018.08.01"]
[Round "1"]
[White "Zaika, Daniil"]
[Black "Nasuta, Grzegorz"]
[Result "1/2-1/2"]
[Board "20"]
[WhiteElo "2213"]
[WhiteCountry "RUS"]
[WhiteFideId "44131186"]
[WhiteEloChange "7"]
[BlackElo "2491"]
[BlackTitle "IM"]
[BlackCountry "POL"]
[BlackFideId "1141686"]
[BlackEloChange "-3"]

1. d4 {[%clk 1:30:55]} d5 {[%clk 1:30:55]} 2. c4 {[%clk 1:31:10]} c6 {[%clk
1:31:20]} 3. Nc3 {[%clk 1:31:24]} Nf6 {[%clk 1:31:00]} 4. Nf3 {[%clk 1:31:41]}
dxc4 {[%clk 1:31:20]} 5. a4 {[%clk 1:31:38]} Bf5 {[%clk 1:31:41]} 6. e3 {[%clk
1:29:47]} e6 {[%clk 1:31:24]} 7. Bxc4 {[%clk 1:30:05]} Bb4 {[%clk 1:30:58]} 8.
O-O {[%clk 1:30:14]} O-O {[%clk 1:30:38]} 9. Qe2 {[%clk 1:30:27]} Nbd7 {[%clk
1:30:57]} 10. e4 {[%clk 1:30:04]} Bg6 {[%clk 1:30:57]} 11. e5 {[%clk 1:10:13]}
Nd5 {[%clk 1:31:24]} 12. Ne4 {[%clk 1:10:33]} h6 {[%clk 1:28:30]} 13. Bd2 {[%clk
1:03:55]} Be7 {[%clk 1:28:14]} 14. a5 {[%clk 0:59:20]} Rc8 {[%clk 1:14:14]} 15.
Rfd1 {[%clk 0:48:17]} Re8 {[%clk 1:07:17]} 16. Bd3 {[%clk 0:43:05]} a6 {[%clk
0:58:46]} 17. Nc3 {[%clk 0:38:19]} Nf8 {[%clk 0:49:07]} 18. Nxd5 {[%clk 0:36:08]}
Qxd5 {[%clk 0:46:24]} 19. Bc4 {[%clk 0:33:23]} Qd7 {[%clk 0:45:22]} 20. Bc3
{[%clk 0:32:27]} Bh7 {[%clk 0:40:10]} 21. Nd2 {[%clk 0:30:02]} c5 {[%clk
0:29:49]} 22. dxc5 {[%clk 0:29:51]} Bxc5 {[%clk 0:30:12]} 23. Ne4 {[%clk
0:30:11]} Qc6 {[%clk 0:30:36]} 24. Nxc5 {[%clk 0:30:28]} Qxc5 {[%clk 0:31:02]}
25. Bb3 {[%clk 0:30:09]} Red8 {[%clk 0:28:39]} 26. Rxd8 {[%clk 0:19:07]} Rxd8
{[%clk 0:28:52]} 27. Rd1 {[%clk 0:19:25]} Rxd1+ {[%clk 0:21:43]} 28. Qxd1 {[%clk
0:19:50]} Be4 {[%clk 0:21:08]} 29. Qd4 {[%clk 0:12:50]} Qxd4 {[%clk 0:11:04]} 30.
Bxd4 {[%clk 0:13:15]} Bd5 {[%clk 0:11:05]} 31. Bc2 {[%clk 0:13:21]} Nd7 {[%clk
0:10:40]} 1/2-1/2

[Event "Irena Warakomska Memorial A"]
[Site "Suwalki"]
[Date "2018.08.01"]
[Round "1"]
[White "Koziak, Vitali"]
[Black "Fus, Jakub"]
[Result "1/2-1/2"]
[Board "21"]
[WhiteElo "2473"]
[WhiteTitle "IM"]
[WhiteCountry "UKR"]
[WhiteFideId "14102234"]
[WhiteEloChange "-3"]
[BlackElo "2195"]
[BlackCountry "POL"]
[BlackFideId "1193023"]
[BlackEloChange "7"]

1. d4 {[%clk 1:29:59]} Nf6 {[%clk 1:30:39]} 2. Nf3 {[%clk 1:30:05]} b6 {[%clk
1:30:44]} 3. c4 {[%clk 1:29:08]} e6 {[%clk 1:30:56]} 4. a3 {[%clk 1:28:03]} Bb7
{[%clk 1:31:02]} 5. Nc3 {[%clk 1:28:18]} d5 {[%clk 1:31:10]} 6. cxd5 {[%clk
1:28:32]} Nxd5 {[%clk 1:31:22]} 7. Qc2 {[%clk 1:28:49]} Nxc3 {[%clk 1:31:24]} 8.
bxc3 {[%clk 1:24:05]} c5 {[%clk 1:31:01]} 9. e4 {[%clk 1:23:34]} Nd7 {[%clk
1:30:06]} 10. Bd3 {[%clk 1:22:36]} Qc7 {[%clk 1:30:06]} 11. O-O {[%clk 1:13:49]}
cxd4 {[%clk 1:20:14]} 12. cxd4 {[%clk 1:14:07]} Qxc2 {[%clk 1:20:27]} 13. Bxc2
{[%clk 1:14:35]} Rc8 {[%clk 1:20:43]} 14. Bd3 {[%clk 1:07:37]} Be7 {[%clk
1:19:29]} 15. Bd2 {[%clk 1:04:33]} O-O {[%clk 1:17:20]} 16. Bb4 {[%clk 0:59:03]}
Rfe8 {[%clk 1:12:00]} 17. Bb5 {[%clk 0:53:20]} Bc6 {[%clk 1:04:51]} 18. Bxc6
{[%clk 0:50:24]} Rxc6 {[%clk 1:04:57]} 19. Bxe7 {[%clk 0:49:49]} Rxe7 {[%clk
1:05:17]} 20. Rfc1 {[%clk 0:49:47]} Rxc1+ {[%clk 1:04:17]} 21. Rxc1 {[%clk
0:50:12]} Kf8 {[%clk 0:56:34]} 22. Rc8+ {[%clk 0:48:10]} Re8 {[%clk 0:56:59]} 23.
Rc7 {[%clk 0:48:29]} Nf6 {[%clk 0:56:32]} 24. e5 {[%clk 0:43:45]} Nd5 {[%clk
0:56:05]} 25. Rxa7 {[%clk 0:44:06]} Rc8 {[%clk 0:56:05]} 26. g3 {[%clk 0:43:52]}
h6 {[%clk 0:56:23]} 27. Nd2 {[%clk 0:37:07]} Rc1+ {[%clk 0:41:56]} 28. Kg2 {[%clk
0:37:28]} Rd1 {[%clk 0:42:19]} 29. Nc4 {[%clk 0:36:03]} Rxd4 {[%clk 0:42:21]} 30.
Nd6 {[%clk 0:36:19]} f6 {[%clk 0:42:44]} 31. Ra8+ {[%clk 0:33:40]} Ke7 {[%clk
0:42:44]} 32. Re8+ {[%clk 0:33:10]} Kd7 {[%clk 0:43:06]} 33. Rg8 {[%clk 0:32:58]}
fxe5 {[%clk 0:37:31]} 34. Nf7 {[%clk 0:32:57]} Ke7 {[%clk 0:37:34]} 35. Nxe5
{[%clk 0:32:51]} Kf6 {[%clk 0:37:56]} 36. f4 {[%clk 0:26:41]} g5 {[%clk 0:29:52]}
37. Nf3 {[%clk 0:21:45]} Ra4 {[%clk 0:29:04]} 38. fxg5+ {[%clk 0:20:52]} hxg5
{[%clk 0:29:28]} 39. Nxg5 {[%clk 0:10:17]} Rxa3 {[%clk 0:29:04]} 40. h4 {[%clk
0:39:12]} Ne3+ {[%clk 0:58:56]} 41. Kh3 {[%clk 0:38:43]} Nf5 {[%clk 0:47:42]} 42.
Nh7+ {[%clk 0:30:46]} Kf7 {[%clk 0:46:18]} 43. Rg4 {[%clk 0:30:23]} b5 {[%clk
0:45:55]} 44. h5 {[%clk 0:23:00]} b4 {[%clk 0:35:41]} 45. Rg6 {[%clk 0:15:28]}
Rxg3+ {[%clk 0:32:53]} 46. Rxg3 {[%clk 0:15:51]} Nxg3 {[%clk 0:33:18]} 47. Kxg3
{[%clk 0:15:42]} Kg7 {[%clk 0:32:16]} 48. Ng5 {[%clk 0:15:49]} Kh6 {[%clk
0:32:42]} 49. Kg4 {[%clk 0:14:54]} b3 {[%clk 0:32:50]} 50. Ne4 {[%clk 0:15:09]}
b2 {[%clk 0:33:16]} 51. Nc3 {[%clk 0:15:09]} e5 {[%clk 0:33:42]} 52. Kf5 {[%clk
0:15:09]} 1/2-1/2

[Event "Irena Warakomska Memorial A"]
[Site "Suwalki"]
[Date "2018.08.01"]
[Round "1"]
[White "Pietruszewski, Marcin"]
[Black "Socko, Monika"]
[Result "1-0"]
[Board "22"]
[WhiteElo "2208"]
[WhiteCountry "POL"]
[WhiteFideId "1170295"]
[WhiteEloChange "16"]
[BlackElo "2464"]
[BlackTitle "GM"]
[BlackCountry "POL"]
[BlackFideId "1106619"]
[BlackEloChange "-8"]

1. e4 {[%clk 1:28:42]} c6 {[%clk 1:30:52]} 2. d4 {[%clk 1:29:02]} d5 {[%clk
1:31:17]} 3. e5 {[%clk 1:29:26]} c5 {[%clk 1:31:42]} 4. dxc5 {[%clk 1:29:51]} e6
{[%clk 1:32:03]} 5. a3 {[%clk 1:29:24]} Bxc5 {[%clk 1:32:23]} 6. b4 {[%clk
1:27:50]} Be7 {[%clk 1:30:58]} 7. Qg4 {[%clk 1:27:02]} g5 {[%clk 1:28:16]} 8. Bd3
{[%clk 1:19:23]} Nc6 {[%clk 1:16:43]} 9. Bb2 {[%clk 1:17:36]} Qc7 {[%clk
1:11:59]} 10. Qe2 {[%clk 1:08:43]} Bd7 {[%clk 1:10:19]} 11. Nd2 {[%clk 1:08:38]}
h5 {[%clk 0:54:18]} 12. c4 {[%clk 1:03:18]} d4 {[%clk 0:48:49]} 13. Ngf3 {[%clk
0:59:52]} g4 {[%clk 0:44:00]} 14. Nxd4 {[%clk 1:00:08]} Nxd4 {[%clk 0:39:03]} 15.
Bxd4 {[%clk 1:00:25]} Bc6 {[%clk 0:37:18]} 16. Ne4 {[%clk 0:49:42]} Bxe4 {[%clk
0:36:18]} 17. Bxe4 {[%clk 0:48:18]} Nh6 {[%clk 0:27:19]} 18. c5 {[%clk 0:47:13]}
O-O-O {[%clk 0:23:49]} 19. O-O-O {[%clk 0:43:02]} f5 {[%clk 0:16:58]} 20. exf6
{[%clk 0:33:25]} Rxd4 {[%clk 0:15:18]} 21. Rxd4 {[%clk 0:33:40]} Bxf6 {[%clk
0:15:45]} 22. Rhd1 {[%clk 0:33:15]} Bxd4 {[%clk 0:11:50]} 23. Rxd4 {[%clk
0:33:43]} Nf7 {[%clk 0:09:46]} 24. Bc2 {[%clk 0:11:26]} Nd8 {[%clk 0:08:47]} 25.
Rd6 {[%clk 0:09:38]} Rf8 {[%clk 0:07:52]} 26. Bb3 {[%clk 0:09:59]} Qg7 {[%clk
0:06:15]} 27. Kb1 {[%clk 0:07:51]} Qg6+ {[%clk 0:02:08]} 28. Ka2 {[%clk 0:06:57]}
Rf6 {[%clk 0:02:27]} 29. Rd2 {[%clk 0:06:16]} Qg5 {[%clk 0:00:48]} 30. Qd3 {[%clk
0:05:02]} Rf7 {[%clk 0:00:54]} 31. Qd6 {[%clk 0:02:05]} Qe7 {[%clk 0:00:50]} 32.
Qe5 {[%clk 0:02:10]} Rf5 {[%clk 0:00:44]} 33. Rxd8+ {[%clk 0:01:54]} Kxd8 {[%clk
0:00:36]} 34. Qb8+ {[%clk 0:02:18]} Kd7 {[%clk 0:01:04]} 35. Ba4+ {[%clk
0:02:43]} 1-0

[Event "Irena Warakomska Memorial A"]
[Site "Suwalki"]
[Date "2018.08.01"]
[Round "1"]
[White "Gumularz, Szymon"]
[Black "Budrewicz, Krzysztof"]
[Result "0-1"]
[Board "23"]
[WhiteElo "2461"]
[WhiteTitle "IM"]
[WhiteCountry "POL"]
[WhiteFideId "1188062"]
[WhiteEloChange "-8"]
[BlackElo "2203"]
[BlackCountry "POL"]
[BlackFideId "1127950"]
[BlackEloChange "16"]

1. e4 {[%clk 1:30:57]} g6 {[%clk 1:30:51]} 2. d4 {[%clk 1:30:38]} Bg7 {[%clk
1:31:10]} 3. Nc3 {[%clk 1:30:50]} d6 {[%clk 1:31:24]} 4. Bg5 {[%clk 1:30:07]} h6
{[%clk 1:30:56]} 5. Bh4 {[%clk 1:28:38]} a6 {[%clk 1:26:07]} 6. f4 {[%clk
1:21:29]} b5 {[%clk 1:23:08]} 7. Nf3 {[%clk 1:20:55]} Bb7 {[%clk 1:22:30]} 8. Bd3
{[%clk 1:20:54]} Nd7 {[%clk 1:10:11]} 9. e5 {[%clk 1:09:06]} dxe5 {[%clk
1:04:56]} 10. fxe5 {[%clk 1:07:31]} g5 {[%clk 1:04:26]} 11. Bf2 {[%clk 0:56:43]}
e6 {[%clk 1:03:56]} 12. a4 {[%clk 0:50:15]} b4 {[%clk 1:04:02]} 13. Ne4 {[%clk
0:50:40]} Ne7 {[%clk 1:03:40]} 14. h4 {[%clk 0:43:06]} g4 {[%clk 1:00:57]} 15.
Nfd2 {[%clk 0:40:57]} h5 {[%clk 1:01:05]} 16. Be3 {[%clk 0:34:22]} Nf5 {[%clk
0:55:37]} 17. Bg5 {[%clk 0:34:26]} Qb8 {[%clk 0:55:15]} 18. c3 {[%clk 0:29:31]}
O-O {[%clk 0:51:01]} 19. O-O {[%clk 0:23:09]} c5 {[%clk 0:41:50]} 20. Nf6+ {[%clk
0:18:59]} Bxf6 {[%clk 0:33:14]} 21. Bxf6 {[%clk 0:06:34]} Nxf6 {[%clk 0:31:57]}
22. Bxf5 {[%clk 0:06:35]} exf5 {[%clk 0:31:42]} 23. Rxf5 {[%clk 0:06:42]} Nh7
{[%clk 0:28:42]} 24. Rxh5 {[%clk 0:03:26]} f5 {[%clk 0:23:11]} 25. Rxf5 {[%clk
0:02:05]} Rxf5 {[%clk 0:22:30]} 26. Qxg4+ {[%clk 0:02:31]} Kh8 {[%clk 0:22:54]}
27. Qxf5 {[%clk 0:02:58]} Qg8 {[%clk 0:23:08]} 28. Qh3 {[%clk 0:02:59]} cxd4
{[%clk 0:22:12]} 29. cxd4 {[%clk 0:03:21]} Rc8 {[%clk 0:22:14]} 30. Nf3 {[%clk
0:01:22]} Rc2 {[%clk 0:20:41]} 31. Re1 {[%clk 0:01:41]} Rxb2 {[%clk 0:14:21]} 32.
e6 {[%clk 0:02:08]} Nf6 {[%clk 0:13:42]} 33. e7 {[%clk 0:01:49]} b3 {[%clk
0:11:45]} 34. g4 {[%clk 0:00:37]} Rc2 {[%clk 0:11:20]} 35. g5 {[%clk 0:00:38]}
Rc3 {[%clk 0:09:16]} 36. e8Q {[%clk 0:00:32]} Nxe8 {[%clk 0:09:27]} 37. Qd7
{[%clk 0:01:01]} Bc6 {[%clk 0:09:27]} 38. Qe7 {[%clk 0:00:51]} Rxf3 {[%clk
0:09:36]} 39. Re6 {[%clk 0:00:52]} Qg7 {[%clk 0:05:48]} 40. Rh6+ {[%clk 0:30:55]}
Kg8 {[%clk 0:35:03]} 41. Qxg7+ {[%clk 0:29:35]} Nxg7 {[%clk 0:35:03]} 42. Rxc6
{[%clk 0:30:02]} Nf5 {[%clk 0:35:16]} 43. h5 {[%clk 0:29:54]} Nxd4 {[%clk
0:35:28]} 44. Rb6 {[%clk 0:30:11]} Rf5 {[%clk 0:34:18]} 45. g6 {[%clk 0:29:51]}
Rxh5 {[%clk 0:34:25]} 46. Kf2 {[%clk 0:30:11]} b2 {[%clk 0:33:56]} 47. Ke3 {[%clk
0:30:28]} Nb5 {[%clk 0:34:16]} 0-1

[Event "Irena Warakomska Memorial A"]
[Site "Suwalki"]
[Date "2018.08.01"]
[Round "1"]
[White "Kokoszczynski, Jan"]
[Black "Caspi, Israel"]
[Result "0-1"]
[Board "24"]
[WhiteElo "2111"]
[WhiteCountry "POL"]
[WhiteFideId "1174460"]
[WhiteEloChange "-2"]
[BlackElo "2484"]
[BlackTitle "IM"]
[BlackCountry "ISR"]
[BlackFideId "2807394"]
[BlackEloChange "1"]

1. d4 {[%clk 1:30:55]} f5 {[%clk 1:30:51]} 2. c4 {[%clk 1:31:12]} Nf6 {[%clk
1:31:15]} 3. Nc3 {[%clk 1:31:22]} d6 {[%clk 1:30:36]} 4. Bg5 {[%clk 1:25:11]}
Nbd7 {[%clk 1:31:00]} 5. Qc2 {[%clk 1:21:04]} g6 {[%clk 1:31:15]} 6. e4 {[%clk
1:21:04]} fxe4 {[%clk 1:30:45]} 7. Nxe4 {[%clk 1:20:14]} Nxe4 {[%clk 1:27:04]} 8.
Qxe4 {[%clk 1:20:36]} Bg7 {[%clk 1:27:17]} 9. Nf3 {[%clk 1:19:14]} c5 {[%clk
1:27:03]} 10. Be2 {[%clk 1:02:02]} cxd4 {[%clk 1:25:36]} 11. Nxd4 {[%clk
0:59:36]} Nc5 {[%clk 1:04:50]} 12. Qh4 {[%clk 0:56:51]} Qa5+ {[%clk 1:03:32]} 13.
Bd2 {[%clk 0:54:11]} Qb6 {[%clk 1:03:48]} 14. b4 {[%clk 0:34:30]} Bf6 {[%clk
0:46:43]} 15. Qf4 {[%clk 0:34:48]} Nd3+ {[%clk 0:39:00]} 16. Bxd3 {[%clk
0:35:10]} Bxd4 {[%clk 0:39:16]} 17. Rb1 {[%clk 0:26:52]} Rf8 {[%clk 0:38:41]} 18.
c5 {[%clk 0:27:18]} Rxf4 {[%clk 0:34:11]} 19. cxb6 {[%clk 0:27:37]} Rxf2 {[%clk
0:29:50]} 20. bxa7 {[%clk 0:25:51]} Rxg2 {[%clk 0:29:26]} 21. Rc1 {[%clk
0:23:39]} Bxa7 {[%clk 0:23:57]} 22. Rf1 {[%clk 0:19:57]} Rxh2 {[%clk 0:19:14]}
23. Bg5 {[%clk 0:19:04]} Bd7 {[%clk 0:14:15]} 24. Rc7 {[%clk 0:18:33]} Bb6 {[%clk
0:13:55]} 25. Rxb7 {[%clk 0:18:26]} Raxa2 {[%clk 0:13:58]} 26. Bc1 {[%clk
0:12:37]} Ra1 {[%clk 0:12:49]} 0-1

[Event "Irena Warakomska Memorial A"]
[Site "Suwalki"]
[Date "2018.08.01"]
[Round "1"]
[White "Kashlinskaya, Alina"]
[Black "Dzhuguryan, Tygran"]
[Result "1/2-1/2"]
[Board "25"]
[WhiteElo "2435"]
[WhiteTitle "IM"]
[WhiteCountry "RUS"]
[WhiteFideId "4198026"]
[WhiteEloChange "-3"]
[BlackElo "2178"]
[BlackCountry "POL"]
[BlackFideId "21872988"]
[BlackEloChange "6"]

1. e4 {[%clk 1:30:56]} c6 {[%clk 1:30:48]} 2. d4 {[%clk 1:31:16]} d5 {[%clk
1:31:11]} 3. Nc3 {[%clk 1:31:36]} dxe4 {[%clk 1:31:13]} 4. Nxe4 {[%clk 1:31:52]}
Nd7 {[%clk 1:31:36]} 5. Bd3 {[%clk 1:31:38]} Ngf6 {[%clk 1:31:58]} 6. Ng5 {[%clk
1:31:29]} e6 {[%clk 1:28:46]} 7. Qe2 {[%clk 1:22:15]} Bd6 {[%clk 1:26:18]} 8.
N1f3 {[%clk 1:22:15]} h6 {[%clk 1:20:42]} 9. Ne4 {[%clk 1:21:36]} Nxe4 {[%clk
1:20:57]} 10. Qxe4 {[%clk 1:21:56]} Nf6 {[%clk 1:20:32]} 11. Qe2 {[%clk 1:21:16]}
Qc7 {[%clk 1:19:11]} 12. Bd2 {[%clk 1:15:33]} b6 {[%clk 1:19:29]} 13. c4 {[%clk
1:06:16]} a5 {[%clk 0:58:32]} 14. O-O {[%clk 0:59:54]} Bb7 {[%clk 0:56:42]} 15.
Bc3 {[%clk 0:53:23]} O-O {[%clk 0:51:46]} 16. b3 {[%clk 0:45:56]} Rfe8 {[%clk
0:47:59]} 17. Rad1 {[%clk 0:44:53]} Rad8 {[%clk 0:47:23]} 18. Bb1 {[%clk
0:43:48]} c5 {[%clk 0:46:22]} 19. dxc5 {[%clk 0:30:33]} Bxc5 {[%clk 0:45:29]} 20.
Ne5 {[%clk 0:29:40]} Rxd1 {[%clk 0:42:53]} 21. Rxd1 {[%clk 0:29:48]} Rd8 {[%clk
0:43:20]} 22. Rxd8+ {[%clk 0:19:40]} Qxd8 {[%clk 0:43:47]} 23. Qd3 {[%clk
0:19:31]} Qc7 {[%clk 0:36:08]} 24. Qe2 {[%clk 0:13:57]} Qd8 {[%clk 0:35:23]} 25.
Kf1 {[%clk 0:10:03]} Kf8 {[%clk 0:31:37]} 26. Qd3 {[%clk 0:09:25]} Qxd3+ {[%clk
0:25:18]} 27. Nxd3 {[%clk 0:09:47]} Bd6 {[%clk 0:25:28]} 28. c5 {[%clk 0:06:25]}
bxc5 {[%clk 0:23:22]} 29. Bxa5 {[%clk 0:06:53]} Be4 {[%clk 0:19:56]} 30. f3
{[%clk 0:07:19]} Bd5 {[%clk 0:16:47]} 31. Kf2 {[%clk 0:04:08]} c4 {[%clk
0:15:44]} 32. bxc4 {[%clk 0:04:07]} Bxc4 {[%clk 0:16:12]} 33. h3 {[%clk 0:04:05]}
Nd5 {[%clk 0:16:15]} 34. Bd2 {[%clk 0:04:16]} Ke7 {[%clk 0:16:07]} 35. Nb2 {[%clk
0:02:41]} Bc5+ {[%clk 0:14:04]} 36. Ke1 {[%clk 0:03:03]} Ba6 {[%clk 0:08:59]} 37.
Bd3 {[%clk 0:03:14]} Bb7 {[%clk 0:07:53]} 38. a4 {[%clk 0:03:04]} Ne3 {[%clk
0:06:59]} 39. Bxe3 {[%clk 0:01:53]} Bxe3 {[%clk 0:07:27]} 40. Bb5 {[%clk
0:31:32]} Bd5 {[%clk 0:33:52]} 41. Nc4 {[%clk 0:31:38]} Bxc4 {[%clk 0:33:21]} 42.
Bxc4 {[%clk 0:31:58]} f6 {[%clk 0:33:21]} 1/2-1/2

[Event "Irena Warakomska Memorial A"]
[Site "Suwalki"]
[Date "2018.08.01"]
[Round "1"]
[White "Lewtak, Dominik"]
[Black "Matviishen, Viktor"]
[Result "0-1"]
[Board "26"]
[WhiteElo "2164"]
[WhiteCountry "POL"]
[WhiteFideId "1112570"]
[WhiteEloChange "-4"]
[BlackElo "2423"]
[BlackTitle "IM"]
[BlackCountry "UKR"]
[BlackFideId "14129850"]
[BlackEloChange "2"]

1. c4 {[%clk 1:30:56]} Nf6 {[%clk 1:30:52]} 2. Nc3 {[%clk 1:31:02]} e6 {[%clk
1:31:04]} 3. Nf3 {[%clk 1:30:24]} d5 {[%clk 1:31:21]} 4. d4 {[%clk 1:30:44]} c6
{[%clk 1:31:34]} 5. e3 {[%clk 1:27:57]} Nbd7 {[%clk 1:31:26]} 6. Bd3 {[%clk
1:26:41]} Be7 {[%clk 1:31:12]} 7. O-O {[%clk 1:26:05]} O-O {[%clk 1:30:24]} 8. b3
{[%clk 1:26:05]} b6 {[%clk 1:30:24]} 9. Bb2 {[%clk 1:21:20]} Bb7 {[%clk 1:30:46]}
10. Qe2 {[%clk 1:21:44]} c5 {[%clk 1:30:46]} 11. Rfd1 {[%clk 1:21:44]} cxd4
{[%clk 1:29:22]} 12. exd4 {[%clk 1:15:08]} Rc8 {[%clk 1:29:26]} 13. Rac1 {[%clk
1:13:36]} dxc4 {[%clk 1:29:40]} 14. bxc4 {[%clk 1:13:56]} Re8 {[%clk 1:29:34]}
15. Ne5 {[%clk 1:03:40]} Nf8 {[%clk 1:21:09]} 16. h4 {[%clk 0:52:52]} Ng6 {[%clk
1:16:25]} 17. g3 {[%clk 0:52:52]} Qc7 {[%clk 1:16:25]} 18. Nb5 {[%clk 0:52:52]}
Qb8 {[%clk 1:16:25]} 19. h5 {[%clk 0:52:52]} Nf8 {[%clk 1:16:25]} 20. Ng4 {[%clk
0:52:52]} Nxg4 {[%clk 1:16:25]} 21. Qxg4 {[%clk 0:52:52]} f5 {[%clk 1:16:25]} 22.
Qe2 {[%clk 0:52:52]} a6 {[%clk 1:16:25]} 23. Nc3 {[%clk 0:52:52]} Bf6 {[%clk
1:16:25]} 24. Qe3 {[%clk 0:52:52]} Ba8 {[%clk 1:16:25]} 25. Be2 {[%clk 0:24:02]}
Qb7 {[%clk 1:16:25]} 26. f3 {[%clk 0:24:02]} Qf7 {[%clk 0:49:32]} 27. g4 {[%clk
0:24:02]} fxg4 {[%clk 0:49:32]} 28. fxg4 {[%clk 0:23:27]} Qb7 {[%clk 0:46:13]}
29. Qh3 {[%clk 0:22:04]} Rcd8 {[%clk 0:45:04]} 30. d5 {[%clk 0:20:41]} exd5
{[%clk 0:45:04]} 31. Bf3 {[%clk 0:20:41]} Qe7 {[%clk 0:39:37]} 32. cxd5 {[%clk
0:15:57]} Qb4 {[%clk 0:39:36]} 33. Qg2 {[%clk 0:15:38]} Re3 {[%clk 0:40:04]} 34.
Na4 {[%clk 0:10:53]} Qxa4 {[%clk 0:39:50]} 35. Bxf6 {[%clk 0:11:17]} gxf6 {[%clk
0:40:19]} 36. g5 {[%clk 0:11:36]} f5 {[%clk 0:40:34]} 37. g6 {[%clk 0:11:25]}
hxg6 {[%clk 0:41:02]} 38. hxg6 {[%clk 0:09:14]} Qf4 {[%clk 0:40:56]} 39. Rf1
{[%clk 0:09:28]} Qh6 {[%clk 0:40:24]} 40. Kf2 {[%clk 0:39:21]} Re7 {[%clk
1:10:32]} 41. Rfd1 {[%clk 0:36:12]} Rd6 {[%clk 1:09:07]} 42. Rc8 {[%clk 0:35:54]}
Bb7 {[%clk 1:09:15]} 43. Qg3 {[%clk 0:35:37]} Rxg6 {[%clk 1:08:51]} 44. Rxf8+
{[%clk 0:35:28]} Kxf8 {[%clk 1:09:19]} 0-1